|
|
|
|
| LEADER |
00000nam0a2200000 4500 |
| 001 |
16892 |
| 005 |
20231030190651.0 |
| 035 |
|
|
|a (RuTPU)RU\TPU\book\17021
|
| 035 |
|
|
|a BOOK00017090
|
| 090 |
|
|
|a 16892
|
| 100 |
|
|
|a 20011209d1957 k y0rusy50 ca
|
| 101 |
1 |
|
|a rus
|c eng
|
| 102 |
|
|
|a RU
|
| 105 |
|
|
|a y z 000zd
|
| 200 |
1 |
|
|a Переписка с У. Черчиллем и К. Эттли (июль 1941 г. - ноябрь 1945 г.)
|
| 210 |
|
|
|d 1957
|
| 215 |
|
|
|a 406 с.
|
| 461 |
|
|
|t Переписка Председателя Совета Министров СССР с президентами США и премьер-министрами Великобритании во время Великой Отечественной войны 1941-1945 гг.
|v Т. 1
|o пер. с англ.
|d 1957-
|
| 600 |
|
1 |
|a Сталин
|g Иосиф Виссарионович
|b И. В.
|f 1878 - 1953
|c российский политический и государственный деятель
|c Генеральный секретарь ЦК КПСС
|c настоящая фамилия Джугашвилли
|c псевдоним Коба
|2 stltpui
|3 (RuTPU)RU\TPU\pers\1058
|
| 600 |
|
1 |
|a Черчилль
|g Уинстон Леонард Спенсер
|c премьер-министр Великобритании
|f 1874-1965
|b У. Л. С.
|2 stltpui
|3 (RuTPU)RU\TPU\pers\665
|
| 600 |
|
1 |
|a Рузвельт
|g Франклин Делано
|c американский политический деятель
|f 1882 - 1945
|b Ф. Д.
|c 32-й президент США
|2 stltpui
|3 (RuTPU)RU\TPU\pers\660
|
| 600 |
|
1 |
|a Трумэн
|b Г.
|c американский политический деятель
|f 1884 - 1972
|g Гарри
|c 33-й президент США
|2 stltpush
|3 (RuTPU)RU\TPU\pers\11507
|
| 610 |
1 |
|
|a история
|
| 610 |
1 |
|
|a Россия
|
| 610 |
1 |
|
|a США
|
| 610 |
1 |
|
|a Великобритания
|
| 610 |
1 |
|
|a Вторая мировая война 1939-1945
|
| 610 |
1 |
|
|a Великая Отечественная война 1941-1945
|
| 610 |
1 |
|
|a международные отношения
|
| 610 |
1 |
|
|a переписка
|
| 610 |
1 |
|
|a 20 век
|
| 675 |
|
|
|a 9(с)27
|v 3
|
| 686 |
|
|
|a Т3(2)622-6
|v LBC/SL-A
|2 rubbk
|
| 801 |
|
0 |
|a RU
|b 63413507
|c 20011209
|g PSBO
|
| 801 |
|
2 |
|a RU
|b 63413507
|c 20100515
|g PSBO
|
| 942 |
|
|
|c BK
|